La lógica sin metafísica (Registro nro. 4506)

Detalles MARC
000 -ENCABEZADO
Número de control [NR] 00866nam a2200265Ia 4500
005 - FECHA Y HORA DE LA ÚLTIMA TRANSACCIÓN
control field 20211108100057.0
008 - DE LONGITUD FIJA DE DATOS DE ELEMENTOS - INFORMACIÓN GENERAL
Elementos de longitud fija [NR] 130821s1961 sp fr spa d
020 ## - NUMERO INTERNACIONAL NORMALIZADO PARA LIBROS [R]
Número Internacional Normalizado del libro [NR] 8430905073
020 ## - NUMERO INTERNACIONAL NORMALIZADO PARA LIBROS [R]
ISBN Cancelado/ Invalidado [R] [9788430905072]
040 ## - FUENTE DE CATALOGACION [NR]
Agencia de catalogación original [NR] Co-BoUCM
Idioma de catalogación [NR] spa
Quien Cataloga Saul Niño (Modificó)
Quien Clasifica Saul Niño
041 1# - CODIGO DE IDIOMA [R]
Código de idioma para texto/pista de sonido o título separado [R] Español
Language code of original and/or intermediate translations of text eng
100 1# - ASIENTO PRINCIPAL--NOMBRE PERSONAL [NR]
Nombre personal [NR] Nagel, Ernest
ID Autoridad 78629
245 13 - MENCION DE TITULO [NR]
Título [NR] La lógica sin metafísica
Mención de responsabilidad, etc. [NR] Ernest Nagel ; traducción de Jaime Melgar Botassis
260 ## - PUBLICACION, DISTRIBUCION, ETC. (PIE DE IMPRENTA) [R]
Lugar de publicación, distribución, etc. [R] Madrid (España)
Nombre del editor, distribuidor, etc. [R] Tecnos
Fecha de publicación, distribución, etc. [R] 1961
300 ## - DESCRIPCION FISICA [R]
Extensión [R] 362 páginas
490 ## - MENCION DE SERIE [R]
Mención de serie [R] Estructura y Función
Designación numérica/secuencial del volumen [NR] 5
650 04 - ASIENTO SECUNDARIO DE MATERIA - TERMINO TEMATICO [R]
Término temático o nombre geográfico como elemento de entrada [NR] Lógica
9 (RLIN) 18789
650 #7 - ASIENTO SECUNDARIO DE MATERIA - TERMINO TEMATICO [R]
Término temático o nombre geográfico como elemento de entrada [NR] Verdad
Subdivisión general [R] Filosofía
9 (RLIN) 40045
650 #7 - ASIENTO SECUNDARIO DE MATERIA - TERMINO TEMATICO [R]
Término temático o nombre geográfico como elemento de entrada [NR] Metafísica
9 (RLIN) 19397
690 #0 - ASUNTO AGREGADO LOCAL DE ENTRADA - TÉRMINO TEMÁTICO (OCLC, RLIN)
Acceso temático local Filosofía
9 (RLIN) 75
700 1# - ASIENTO SECUNDARIO - NOMBRE PERSONAL [R]
Nombre personal [NR] Melgar Botassis, Jaime
Término de relación [R] traductor
9 (RLIN) 121120
765 ## - ASIENTO DE IDIOMA ORIGINAL [R]
Asiento principal [NR] Logic without metapsysics
942 ## - ELEMENTOS DE ENTRADA AGREGADOS (KOHA)
Tipo de ítem principal el descrito en 300a Libro
Tema principal Filosofía
Edición 1
Parte restante de la signatura top. N147
Título oculto en OPAC No
Sistema de clasificación DEWEY
Clasificación 160
Existencias
Total préstamos Signatura topográfica Código de barras Última vez visto Ejemplar Costo de reposición Price effective from Tipo de ítem Perdido Sistema de clasificación Dañado No prestable Tipo de ítem específico Suprimido Ubicación habitual Ubicación actual Localización Fecha de creación Proveedor Forma de adquisición Costo
  160 N147 100150202 05/12/2025 Ej.1 26000.00 02/08/2016 Libro   DEWEY     Libro   Claustro Claustro 2do piso 02/08/2016 12 Donación 0.00